[Event "HEM 2015 B Turnier"]
[Site "Frankfurt-Sossenheim"]
[Date "2015.??.??"]
[Round "1.1"]
[White "Wiegand, Helmut"]
[Black "Deppe, Leo"]
[Result "0-1"]
[WhiteElo "1956"]
[BlackElo "1694"]
[PlyCount "68"]
[EventDate "2015.??.??"]
[WhiteTeam "Sfr. Wieseck"]
[BlackTeam "SC Bad Soden"]

1. Nf3 Nf6 2. c4 g6 3. Nc3 Bg7 4. g3 d6 5. Bg2 O-O 6. O-O e5 7. b3 Re8 8. e4
Nbd7 9. Bb2 Nc5 10. Qc2 Nh5 11. b4 Ne6 12. Ne2 Ng5 13. Nxg5 Qxg5 14. d4 f5 15.
f4 Qe7 16. Rae1 Nf6 17. dxe5 dxe5 18. Bxe5 Qxb4 19. Bxf6 Bxf6 20. e5 Be7 21.
Bd5+ Kf8 22. Kg2 c6 23. Rb1 Qc5 24. Bf3 Rb8 25. Rfd1 Be6 26. Rbc1 Red8 27.
Rxd8+ Rxd8 28. a4 Qe3 29. Rd1 Rxd1 30. Qxd1 Bxc4 31. Qc2 Bd3 32. Qc3 Bc5 33. e6
Qxf3+ 34. Kxf3 Be4# 0-1

[Event "HEM 2015 B Turnier"]
[Site "Frankfurt-Sossenheim"]
[Date "2015.??.??"]
[Round "1.2"]
[White "Vedder, Matthias"]
[Black "Genis, Roy"]
[Result "0-1"]
[WhiteElo "1691"]
[BlackElo "1952"]
[PlyCount "94"]
[EventDate "2015.??.??"]
[WhiteTeam "SK Marburg"]
[BlackTeam "vereinslos, Rodgau"]

1. d4 d5 2. c4 c6 3. Nc3 e5 4. dxe5 d4 5. Ne4 Qa5+ 6. Bd2 Qxe5 7. Ng3 Nf6 8.
Nf3 Qd6 9. Qc2 Be7 10. e3 dxe3 11. Bxe3 Bg4 12. Be2 Bxf3 13. Bxf3 O-O 14. Rd1
Qc7 15. O-O Bd6 16. Rfe1 Nbd7 17. a3 Ne5 18. Be4 Neg4 19. Bg5 Bxg3 20. hxg3
Rfe8 21. Bf3 Qa5 22. Bd2 Qh5 23. Rxe8+ Rxe8 24. Be3 Qh2+ 25. Kf1 Nxe3+ 26. fxe3
Qxg3 27. Qd2 Ng4 28. Bxg4 Qxg4 29. Qd4 Qe6 30. Kf2 g6 31. Qxa7 Qxc4 32. Re1 Re7
33. Qb8+ Kg7 34. Qd6 Qc2+ 35. Re2 Qf5+ 36. Kg1 Rd7 37. Qb4 Qb1+ 38. Kf2 Qd3 39.
Qf4 Rd5 40. e4 Qd4+ 41. Qe3 Qf6+ 42. Qf3 Rd3 43. Qxf6+ Kxf6 44. g3 Ke5 45. Kg2
h5 46. Rf2 f6 47. Kh3 Re3 0-1

[Event "HEM 2015 B Turnier"]
[Site "Frankfurt-Sossenheim"]
[Date "2015.??.??"]
[Round "1.3"]
[White "Krastev, Alexander"]
[Black "Pleyer, Christian"]
[Result "1-0"]
[WhiteElo "1940"]
[BlackElo "1683"]
[PlyCount "83"]
[EventDate "2015.??.??"]
[WhiteTeam "Biebertaler SF"]
[BlackTeam "SC Langenbieber"]

1. e4 e6 2. d4 b6 3. Nc3 Bb7 4. Bd3 Bb4 5. Bd2 Nf6 6. Nge2 O-O 7. O-O c5 8. e5
Nd5 9. Ne4 Qc7 10. c3 c4 11. Bc2 Be7 12. b3 b5 13. a4 a6 14. b4 Qc6 15. f3 f5
16. Nc5 Bxc5 17. dxc5 Qc7 18. axb5 axb5 19. Rxa8 Bxa8 20. Nd4 Qb7 21. Qe1 Nc6
22. g4 Nxd4 23. cxd4 fxg4 24. Qh4 g6 25. Bh6 gxf3 26. Bxf8 f2+ 27. Kxf2 Nxb4
28. c6 Qxc6 29. Bxb4 Qf3+ 30. Ke1 Qe3+ 31. Kd1 Bf3+ 32. Rxf3 Qxf3+ 33. Kc1 Qe3+
34. Kb2 h5 35. Qd8+ Kh7 36. Qxd7+ Kh6 37. Bf8+ Kg5 38. Qe7+ Kg4 39. Qxe6+ Kh4
40. Qf6+ g5 41. e6 Qd2 42. Qe5 1-0

[Event "HEM 2015 B Turnier"]
[Site "Frankfurt-Sossenheim"]
[Date "2015.??.??"]
[Round "1.4"]
[White "Hafensteiner, Tim"]
[Black "Zimmer, Sascha"]
[Result "1-0"]
[WhiteElo "1689"]
[BlackElo "1937"]
[PlyCount "57"]
[EventDate "2015.??.??"]
[WhiteTeam "Biebertaler SF"]
[BlackTeam "SC Mackenbach"]

1. e4 c5 2. Nc3 d6 3. Nf3 Nf6 4. d4 cxd4 5. Nxd4 a6 6. g3 e5 7. Nde2 Be7 8. Bg2
Be6 9. O-O Nc6 10. Nd5 O-O 11. c4 b5 12. cxb5 axb5 13. Be3 Bxd5 14. exd5 Na5
15. a4 Ng4 16. axb5 Nxe3 17. fxe3 Bg5 18. Qd3 Qb6 19. b4 Qxe3+ 20. Qxe3 Bxe3+
21. Kh1 Nb3 22. Ra6 Rxa6 23. bxa6 Rb8 24. Rf3 Nc5 25. a7 Ra8 26. Rxe3 Na6 27.
b5 Nc5 28. b6 Rc8 29. Rc3 1-0

[Event "HEM 2015 B Turnier"]
[Site "Frankfurt-Sossenheim"]
[Date "2015.??.??"]
[Round "1.5"]
[White "Froehlich-Dill, Astrid"]
[Black "Lopez, Victor"]
[Result "1-0"]
[WhiteElo "1925"]
[BlackElo "1669"]
[PlyCount "87"]
[EventDate "2015.??.??"]
[WhiteTeam "SV Hofheim"]
[BlackTeam "SC Höchst"]

1. d4 d5 2. Nf3 Nf6 3. c4 Bf5 4. Nc3 e6 5. Bg5 c6 6. e3 Nbd7 7. Be2 Be7 8. h3
O-O 9. O-O h6 10. Bf4 Ne4 11. Nxe4 Bxe4 12. c5 Qc8 13. Nd2 Bh7 14. g4 Re8 15.
b4 a6 16. Bg3 Bd8 17. f4 g5 18. Nf3 Bc7 19. Kh2 Nf6 20. Ne5 Ne4 21. Bd3 f6 22.
Bxe4 Bxe4 23. Nf3 Kg7 24. Nd2 f5 25. Nxe4 fxe4 26. h4 Qb8 27. Kh3 Qd8 28. fxg5
Bxg3 29. gxh6+ Kxh6 30. Kxg3 Rf8 31. g5+ Kg7 32. Rxf8 Qxf8 33. Qe2 Qe7 34. Rf1
e5 35. Rf6 Rh8 36. Qb2 Qe8 37. dxe5 Qh5 38. Rf4 Rf8 39. e6+ Kg8 40. Rxf8+ Kxf8
41. Qf6+ Ke8 42. g6 Qh6 43. Qf7+ Kd8 44. Qd7# 1-0

[Event "HEM 2015 B Turnier"]
[Site "Frankfurt-Sossenheim"]
[Date "2015.??.??"]
[Round "1.6"]
[White "Fuchs, Andreas"]
[Black "Bennewitz, Ralph"]
[Result "1-0"]
[WhiteElo "1663"]
[BlackElo "1924"]
[PlyCount "85"]
[EventDate "2015.??.??"]
[WhiteTeam "SC Ober-Ramstadt"]
[BlackTeam "SC Sulzbach"]

1. e4 c6 2. d4 d5 3. Nd2 dxe4 4. Nxe4 Bf5 5. Ng3 Bg6 6. N1e2 e5 7. c3 Nf6 8. f4
exf4 9. Nxf4 Bd6 10. Nxg6 hxg6 11. Qf3 Qc7 12. Ne4 Qe7 13. Bd3 Nxe4 14. Qxe4
Qxe4+ 15. Bxe4 Rxh2 16. Rxh2 Bxh2 17. Bg5 Nd7 18. O-O-O Nb6 19. Re1 Kd7 20. Bf3
f6 21. Bh4 Bf4+ 22. Kc2 Re8 23. Rxe8 Kxe8 24. Kd3 Ke7 25. b3 g5 26. Bf2 f5 27.
c4 g4 28. Bd1 Nd7 29. Bc2 Ke6 30. Ke2 g6 31. b4 b6 32. Bb3 Kf6 33. d5 cxd5 34.
cxd5 Ke5 35. a4 Nf6 36. a5 bxa5 37. bxa5 Nxd5 38. Bxa7 Nc3+ 39. Kd3 Nb5 40.
Bb8+ Kf6 41. Bxf4 g5 42. Bc1 f4 43. Ba4 1-0

[Event "HEM 2015 B Turnier"]
[Site "Frankfurt-Sossenheim"]
[Date "2015.??.??"]
[Round "1.7"]
[White "Juhnke, Peter"]
[Black "Davidov, Georgi"]
[Result "1-0"]
[WhiteElo "1900"]
[BlackElo "1662"]
[PlyCount "109"]
[EventDate "2015.??.??"]
[WhiteTeam "SC Eschborn"]
[BlackTeam "SC Rotenburg"]

1. d4 d5 2. Qd3 e6 3. c3 c5 4. Bf4 Nc6 5. e3 Nf6 6. Nd2 c4 7. Qc2 Bd6 8. Bg5 h6
9. Bh4 O-O 10. f3 b5 11. e4 Be7 12. e5 Nd7 13. Bxe7 Qxe7 14. f4 a5 15. Ngf3 f5
16. g3 Ba6 17. Nh4 Kh7 18. Be2 g6 19. Ndf3 Rab8 20. a3 Rb6 21. g4 b4 22. axb4
axb4 23. gxf5 gxf5 24. Rg1 Qf7 25. Ng6 Rg8 26. Nfh4 Nf8 27. Bh5 Ne7 28. Nxf8+
Qxf8 29. Kf2 bxc3 30. bxc3 Rxg1 31. Rxg1 Qb8 32. Qa4 Rb2+ 33. Be2 Qb5 34. Qa3
Qb7 35. Re1 Rb3 36. Qa1 Bb5 37. Bd1 Nc6 38. Bxb3 cxb3 39. Qa3 Bc4 40. Nf3 Bd3
41. Rg1 Qb8 42. Qb2 Na5 43. Nd2 Bc2 44. Qa3 Qd8 45. Nf3 Be4 46. Qc5 Nb7 47. Qc6
Qe7 48. Qc8 Qf7 49. Nd2 Bc2 50. h4 b2 51. h5 Na5 52. Qb8 Nb3 53. Nb1 Nc1 54.
Na3 Nb3 55. Nxc2 1-0

[Event "HEM 2015 B Turnier"]
[Site "Frankfurt-Sossenheim"]
[Date "2015.??.??"]
[Round "1.8"]
[White "Poetsch, Leonore"]
[Black "Anhalt, Albert"]
[Result "1-0"]
[WhiteElo "1657"]
[BlackElo "1896"]
[PlyCount "91"]
[EventDate "2015.??.??"]
[WhiteTeam "SK Langen"]
[BlackTeam "SG Idstein"]

1. e3 d5 2. c4 c6 3. d4 Nf6 4. Nc3 e6 5. Nf3 Bd6 6. Bd2 O-O 7. Bd3 Nbd7 8. O-O
e5 9. dxe5 Nxe5 10. Nxe5 Bxe5 11. h3 Bc7 12. cxd5 cxd5 13. Nb5 Bb8 14. Rc1 a6
15. Nd4 Qd6 16. Nf3 Ne4 17. Re1 g5 18. Bc3 Nxc3 19. Rxc3 g4 20. hxg4 Bxg4 21.
Bxh7+ Kxh7 22. Ng5+ Kg7 23. Qxg4 Qh2+ 24. Kf1 f5 25. Ne6+ Kf6 26. Qg7+ Kxe6 27.
Qxf8 Qh1+ 28. Ke2 Qxg2 29. Rc8 Bd6 30. Qe8+ Kf6 31. Rxa8 Qg4+ 32. f3 Qg2+ 33.
Kd3 Bb4 34. Qh8+ Kf7 35. Re2 Qxf3 36. Qg8+ Kf6 37. Rf8+ Bxf8 38. Qxf8+ Ke6 39.
Qh6+ Kd7 40. Qf4 Qh5 41. Qe5 Qf3 42. Kd2 Kc6 43. Qf4 Qh5 44. Rh2 Qf7 45. Rh6+
Kb5 46. Qd4 1-0

[Event "HEM 2015 B Turnier"]
[Site "Frankfurt-Sossenheim"]
[Date "2015.??.??"]
[Round "1.9"]
[White "Grzeschniok, Anton"]
[Black "Kirschner, Philipp"]
[Result "1-0"]
[WhiteElo "1895"]
[BlackElo "1640"]
[PlyCount "71"]
[EventDate "2015.??.??"]
[WhiteTeam "SC Eschborn"]
[BlackTeam "Sfr. Kelkheim"]

1. e4 e6 2. d4 d5 3. Nd2 Nf6 4. exd5 exd5 5. Bd3 Bd6 6. Ngf3 O-O 7. O-O Bg4 8.
Re1 c5 9. dxc5 Bxc5 10. Nb3 Bd6 11. Bg5 h6 12. Bh4 Nbd7 13. c3 Ne5 14. Be2 Be6
15. Nbd4 Ng6 16. Bg3 Nf4 17. Bb5 a6 18. Ba4 Bg4 19. h3 Bh5 20. Qd2 Ne4 21. Qe3
Qf6 22. Bxf4 Bxf4 23. Qd3 Bg6 24. Qd1 Bh5 25. Bc2 Rfe8 26. Qd3 Bg6 27. Qf1 Qb6
28. Rab1 Re7 29. Nh4 Nd2 30. Nxg6 Nxf1 31. Nxe7+ Kf8 32. Nxd5 Qd6 33. Nxf4 Qxf4
34. Rxf1 Rd8 35. Rfe1 f5 36. Ne6+ 1-0

[Event "HEM 2015 B Turnier"]
[Site "Frankfurt-Sossenheim"]
[Date "2015.??.??"]
[Round "1.10"]
[White "Heinz, Tobias"]
[Black "Launert, Martin"]
[Result "0-1"]
[WhiteElo "1646"]
[BlackElo "1871"]
[PlyCount "68"]
[EventDate "2015.??.??"]
[WhiteTeam "SC Eschborn"]
[BlackTeam "Sfr. Erbach"]

1. d4 d5 2. c4 e6 3. Nc3 Nf6 4. Bf4 dxc4 5. Qa4+ Bd7 6. Qxc4 Nc6 7. Nf3 Be7 8.
g3 Rc8 9. Bg2 a6 10. O-O O-O 11. Rfd1 b5 12. Qd3 Nb4 13. Qd2 Bc6 14. a3 Nbd5
15. Nxd5 Bxd5 16. Rac1 c5 17. dxc5 Bxc5 18. b4 Bxf2+ 19. Kf1 Ba7 20. Rxc8 Qxc8
21. Rc1 Qd8 22. Be3 Bxe3 23. Qxe3 h6 24. Qa7 Qd6 25. Ke1 Rd8 26. Rd1 Rd7 27.
Qd4 Qc7 28. Ne5 Re7 29. Bxd5 Nxd5 30. Kd2 f6 31. Ng6 Rd7 32. Rc1 Nc3 33. Ne7+
Kf7 34. Nd5 Rxd5 0-1

[Event "HEM 2015 B Turnier"]
[Site "Frankfurt-Sossenheim"]
[Date "2015.??.??"]
[Round "1.11"]
[White "Weber, Andreas"]
[Black "Koller, Wolfgang"]
[Result "1-0"]
[WhiteElo "1869"]
[BlackElo "1639"]
[PlyCount "75"]
[EventDate "2015.??.??"]
[WhiteTeam "SC Flörsheim"]
[BlackTeam "SC Sulzbach"]

1. e4 d5 2. d4 e6 3. Nc3 Nf6 4. Bg5 Be7 5. e5 Nfd7 6. h4 h6 7. Bxe7 Qxe7 8. Qg4
f5 9. Qh5+ Kd8 10. O-O-O a6 11. Nh3 Nf8 12. Nf4 Qe8 13. Qf3 Nc6 14. Be2 Bd7 15.
Kb1 Ne7 16. Ka1 Bb5 17. Nb1 Bxe2 18. Nxe2 b5 19. Nf4 Neg6 20. Nxd5 Qc6 21. Nb4
Qxf3 22. gxf3 Ne7 23. d5 Kd7 24. h5 a5 25. dxe6+ Kxe6 26. Nd3 Nd7 27. f4 g5 28.
Rhe1 Nd5 29. Nc3 Nxc3 30. bxc3 Rad8 31. Rg1 Rhg8 32. fxg5 hxg5 33. Rde1 c5 34.
h6 f4 35. h7 Rh8 36. Rxg5 Rxh7 37. Nxf4+ Ke7 38. Nd5+ 1-0

[Event "HEM 2015 B Turnier"]
[Site "Frankfurt-Sossenheim"]
[Date "2015.??.??"]
[Round "1.12"]
[White "Sciurti, Domenico"]
[Black "Scholz, Michael"]
[Result "1/2-1/2"]
[WhiteElo "1583"]
[BlackElo "1862"]
[PlyCount "48"]
[EventDate "2015.??.??"]
[WhiteTeam "SV Großauheim"]
[BlackTeam "SK Mömbris"]

1. d4 Nf6 2. Bf4 Nh5 3. Bg3 Nxg3 4. hxg3 g6 5. e3 Bg7 6. Nf3 c5 7. Nbd2 cxd4 8.
exd4 d6 9. c3 Nd7 10. Qb3 h6 11. O-O-O Nb6 12. Bb5+ Bd7 13. Rde1 Bxb5 14. Qxb5+
Qd7 15. Qb3 e6 16. Nh4 O-O-O 17. Nc4 Nxc4 18. Qxc4+ Kb8 19. f4 Rc8 20. Qd3 Qa4
21. Kb1 d5 22. Nf3 Rhd8 23. Ne5 Qe8 24. g4 f5 1/2-1/2

[Event "HEM 2015 B Turnier"]
[Site "Frankfurt-Sossenheim"]
[Date "2015.??.??"]
[Round "1.13"]
[White "Rafiee, Kayvan"]
[Black "Mattusch, Ralf"]
[Result "1/2-1/2"]
[WhiteElo "1861"]
[BlackElo "1572"]
[PlyCount "46"]
[EventDate "2015.??.??"]
[WhiteTeam "Kasseler SK"]
[BlackTeam "SK Fürth"]

1. e4 e6 2. d3 d5 3. Nd2 dxe4 4. dxe4 b6 5. c3 Nf6 6. Ngf3 Bb7 7. Qc2 g6 8.
Bb5+ c6 9. Be2 Bg7 10. O-O O-O 11. a4 Nbd7 12. Nc4 Qc7 13. Rd1 Rad8 14. Nd6 Ba8
15. h3 Ne8 16. Bf4 e5 17. Nxe8 Rfxe8 18. Be3 Nf6 19. Nh2 Re7 20. Ng4 Nxg4 21.
Bxg4 h5 22. Rxd8+ Qxd8 23. Rd1 Qe8 1/2-1/2

[Event "HEM 2015 B Turnier"]
[Site "Frankfurt-Sossenheim"]
[Date "2015.??.??"]
[Round "1.14"]
[White "Mook, Karl-Juergen"]
[Black "Warnk, Torsten"]
[Result "0-1"]
[WhiteElo "1570"]
[BlackElo "1845"]
[PlyCount "28"]
[EventDate "2015.??.??"]
[WhiteTeam "SC Sulzbach"]
[BlackTeam "Sges Bensheim"]

1. e4 e6 2. d3 d5 3. Nd2 dxe4 4. dxe4 Nc6 5. Ngf3 Bc5 6. g3 Nf6 7. Bg2 O-O 8.
O-O e5 9. c3 Bg4 10. Qe2 Qd6 11. Nc4 Qe7 12. Be3 Nxe4 13. Bxc5 Nxc5 14. Qe4
Nxe4 0-1

[Event "HEM 2015 B Turnier"]
[Site "Frankfurt-Sossenheim"]
[Date "2015.??.??"]
[Round "1.16"]
[White "Boerkey, Luis"]
[Black "Loehr, Holger"]
[Result "0-1"]
[WhiteElo "1531"]
[BlackElo "1837"]
[PlyCount "84"]
[EventDate "2015.??.??"]
[WhiteTeam "Wiesbadener SV"]
[BlackTeam "SF Braunfels"]

1. d4 Nf6 2. c4 g6 3. Nf3 Bg7 4. e3 O-O 5. Be2 d6 6. O-O Nbd7 7. b3 e5 8. dxe5
dxe5 9. Bb2 Re8 10. Nc3 c6 11. Qc2 a6 12. Rfd1 Qe7 13. e4 Nf8 14. Rd3 N6d7 15.
Rad1 Ne6 16. Bc1 Ndc5 17. Rd6 Nd4 18. R6xd4 exd4 19. Nxd4 Nxe4 20. Nxe4 Qxe4
21. Qxe4 Rxe4 22. Be3 Re8 23. Nf3 Bf5 24. Kf1 Rad8 25. Rc1 Bd3 26. Bb6 Bxe2+
27. Kg1 Rd1+ 28. Rxd1 Bxd1 29. Bc5 Bxf3 30. gxf3 f6 31. Kf1 Bf8 32. Bd4 Kf7 33.
h3 Rd8 34. Be3 Rd1+ 35. Kg2 Ra1 36. a4 Rb1 37. Bb6 Rxb3 38. a5 Rc3 39. Kg3 Rxc4
40. Kg2 Bc5 41. Bc7 Rc2 42. Bg3 Ra2 0-1

[Event "HEM 2015 B Turnier"]
[Site "Frankfurt-Sossenheim"]
[Date "2015.??.??"]
[Round "1.17"]
[White "Slobodetski, Oleg"]
[Black "Kirst, Christian"]
[Result "1/2-1/2"]
[WhiteElo "1830"]
[BlackElo "1499"]
[PlyCount "78"]
[EventDate "2015.??.??"]
[WhiteTeam "SV Großauheim"]
[BlackTeam "SV Fechenheim"]

1. e4 e6 2. d4 d5 3. Nd2 Nf6 4. e5 Nfd7 5. f4 c5 6. c3 Nc6 7. Ndf3 Qb6 8. Ne2
Be7 9. a3 c4 10. Rb1 Na5 11. Be3 Qb3 12. Qc1 Qa4 13. Nd2 Nb6 14. Ng3 Bd7 15.
Be2 O-O 16. O-O f5 17. exf6 Bxf6 18. Bd1 Qc6 19. Bc2 Rac8 20. Nf3 Be8 21. Qd1
Nd7 22. Qe2 g6 23. Rbe1 Bg7 24. Bc1 Bf7 25. Ng5 Rce8 26. Rf3 Re7 27. Nh1 Rfe8
28. Rh3 Nf8 29. Nf2 Qb6 30. Bb1 Nc6 31. Nf3 Nd7 32. Ng4 e5 33. fxe5 Ndxe5 34.
Ngxe5 Nxe5 35. Nxe5 Rxe5 36. Be3 R5e7 37. Qd2 Qe6 38. Rf1 Qg4 39. Rhf3 Qd7
1/2-1/2

[Event "HEM 2015 B Turnier"]
[Site "Frankfurt-Sossenheim"]
[Date "2015.??.??"]
[Round "1.18"]
[White "Mauersberger, Uwe"]
[Black "Reichel, Rolf"]
[Result "1-0"]
[WhiteElo "1486"]
[BlackElo "1816"]
[PlyCount "95"]
[EventDate "2015.??.??"]
[WhiteTeam "SC Eschborn"]
[BlackTeam "SF Frankfurt"]

1. e4 c5 2. Nf3 Nc6 3. d4 cxd4 4. Nxd4 d6 5. c4 e6 6. Nc3 a6 7. Be3 Nf6 8. Be2
Be7 9. Qd2 Qc7 10. O-O O-O 11. f3 Bd7 12. Rfe1 Rac8 13. Rac1 Rfd8 14. Bf1 Nxd4
15. Bxd4 Bc6 16. Qf2 Qb8 17. Ba7 Qa8 18. Bb6 Re8 19. Red1 Nd7 20. Be3 Ne5 21.
Qg3 Ng6 22. Rd2 Rcd8 23. Rcd1 Qb8 24. Bb6 Rd7 25. c5 e5 26. Bc4 Nf4 27. Qg4 Bf8
28. b4 Ne6 29. a4 Nd4 30. b5 axb5 31. axb5 Qc8 32. bxc6 Qxc6 33. Rxd4 exd4 34.
Bb5 h5 35. Qxd7 Qxd7 36. Bxd7 Re7 37. Rxd4 Rxd7 38. e5 g6 39. Ne4 Bg7 40. Nf6+
Bxf6 41. exf6 d5 42. g4 Kh7 43. g5 Kg8 44. Kf2 Kf8 45. Kg3 Kg8 46. Kf4 Kf8 47.
Ke5 Kg8 48. Rxd5 1-0

[Event "HEM 2015 B Turnier"]
[Site "Frankfurt-Sossenheim"]
[Date "2015.??.??"]
[Round "1.19"]
[White "Diehl, Stefan"]
[Black "Droeser, Wolfgang"]
[Result "1-0"]
[WhiteElo "1815"]
[BlackElo "1461"]
[PlyCount "67"]
[EventDate "2015.??.??"]
[WhiteTeam "SC Höchst"]
[BlackTeam "SF Frankfurt"]

1. f4 g6 2. Nf3 d5 3. g3 Nf6 4. Bg2 Nc6 5. O-O Bg7 6. c3 Bf5 7. d3 Qc8 8. Nh4
Bh3 9. Nd2 Bxg2 10. Kxg2 e6 11. e4 Ne7 12. e5 Nd7 13. Ndf3 h6 14. Be3 b6 15. a4
a5 16. Rc1 Qb7 17. d4 b5 18. Qc2 O-O 19. g4 Kh7 20. f5 exf5 21. gxf5 Bh8 22. f6
Ng8 23. Nxg6 fxg6 24. Nh4 Nxe5 25. dxe5 d4+ 26. Kg1 Ne7 27. fxe7 Rxf1+ 28. Rxf1
Rg8 29. e8=Q d3 30. Qxd3 Qa6 31. Qxg8+ Kxg8 32. Qd8+ Kh7 33. Rf7+ Bg7 34. Qf8
1-0

[Event "HEM 2015 B Turnier"]
[Site "Frankfurt-Sossenheim"]
[Date "2015.??.??"]
[Round "1.21"]
[White "Englert, Fred"]
[Black "Scheerer, Michael"]
[Result "1-0"]
[WhiteElo "1795"]
[BlackElo "1450"]
[PlyCount "63"]
[EventDate "2015.??.??"]
[WhiteTeam "SK Klingenberg"]
[BlackTeam "SF Frankfurt"]

1. c4 e6 2. g3 d5 3. Bg2 Nf6 4. Nf3 Be7 5. O-O O-O 6. b3 b6 7. Bb2 Bb7 8. Nc3
c5 9. Ne5 Nbd7 10. d4 Qc8 11. Nxd7 Qxd7 12. cxd5 exd5 13. Rc1 Rac8 14. e3 cxd4
15. Qxd4 Rfd8 16. Rfd1 Rc7 17. Bf1 Bc5 18. Qh4 Rcc8 19. Bh3 Qc6 20. Bg2 Qe8 21.
Na4 Be7 22. Qd4 Rxc1 23. Rxc1 Rc8 24. Rd1 Rd8 25. Nc3 Bc5 26. Qd3 Qd7 27. Na4
Qe7 28. Qf5 Rd6 29. Nc3 Ne4 30. Nxd5 Bxd5 31. Rxd5 Rxd5 32. Qxd5 1-0

[Event "HEM 2015 B Turnier"]
[Site "Frankfurt-Sossenheim"]
[Date "2015.??.??"]
[Round "1.22"]
[White "Schwarz, Daniel"]
[Black "Kuersten, Susanne"]
[Result "0-1"]
[WhiteElo "1429"]
[BlackElo "1786"]
[PlyCount "106"]
[EventDate "2015.??.??"]
[WhiteTeam "SG Idstein"]
[BlackTeam "SV Lok Engelsdorf"]

1. e4 e5 2. Nf3 Nc6 3. Bc4 Bc5 4. b4 Bxb4 5. c3 Ba5 6. d4 exd4 7. O-O h6 8. Ba3
d6 9. Qb3 Qd7 10. cxd4 Bb6 11. Bb5 a6 12. Ba4 Kd8 13. Qb2 Qg4 14. d5 Nce7 15.
Nbd2 Qg6 16. Rfe1 Qf6 17. e5 dxe5 18. Rxe5 Bd7 19. Bxe7+ Nxe7 20. Bxd7 Kxd7 21.
Nc4 Ng6 22. Re2 Qxb2 23. Rxb2 Rhe8 24. Nxb6+ cxb6 25. Rxb6 Rab8 26. Rab1 Rec8
27. Rxb7+ Rxb7 28. Rxb7+ Rc7 29. Rxc7+ Kxc7 30. Nd4 Ne7 31. Kf1 Kd6 32. Ke2
Kxd5 33. Kd3 Ng6 34. g3 Ne5+ 35. Kc3 g6 36. f3 g5 37. h3 h5 38. g4 h4 39. a3
Kc5 40. a4 Kd5 41. a5 Kc5 42. Nb3+ Kb5 43. Nd2 Kxa5 44. Kd4 f6 45. Ke4 Kb4 46.
Kf5 Kc3 47. Nb1+ Kd3 48. Kxf6 Nxf3 49. Na3 a5 50. Kf5 a4 51. Nb5 Kc2 52. Ke4
Ng1 53. Kf5 Nxh3 0-1

[Event "HEM 2015 B Turnier"]
[Site "Frankfurt-Sossenheim"]
[Date "2015.??.??"]
[Round "1.23"]
[White "Niedenthal, Robert"]
[Black "Schreer, Maxima"]
[Result "1-0"]
[WhiteElo "1781"]
[BlackElo "1414"]
[PlyCount "109"]
[EventDate "2015.??.??"]
[WhiteTeam "SV Hofheim"]
[BlackTeam "SF Friedberg"]

1. c4 e5 2. Nc3 Nc6 3. Nf3 Nf6 4. e4 d6 5. Be2 Bg4 6. O-O h6 7. d3 Be7 8. h3
Bh5 9. g4 Nxg4 10. hxg4 Bxg4 11. Nd5 Qd7 12. Nh2 Be6 13. Bg4 O-O-O 14. f4 f5
15. exf5 Bxd5 16. cxd5 Nd4 17. f6 Nf5 18. fxe5 g6 19. fxe7 Qxe7 20. Bxf5+ gxf5
21. e6 Rhg8+ 22. Kh1 Qh4 23. Qf3 Rg3 24. Qxf5 Kb8 25. Bf4 Rgg8 26. e7 Qxe7 27.
Rae1 Qh4 28. Re6 Rdf8 29. Qe4 h5 30. Rg1 Qd8 31. Rxg8 Rxg8 32. Re7 a6 33. Nf3
Qf8 34. Ng5 Qf6 35. Re8+ Rxe8 36. Qxe8+ Ka7 37. Qe3+ Kb8 38. d4 Qf5 39. Kg2
Qxd5+ 40. Kg3 Qxa2 41. Qc3 Qb1 42. d5 Qg1+ 43. Kf3 Qh1+ 44. Ke2 Qxd5 45. Qh8+
Ka7 46. Be3+ c5 47. Qxh5 Qc4+ 48. Kf2 Qc2+ 49. Qe2 Qf5+ 50. Nf3 Qf6 51. Qd2 Qe7
52. b3 Qf7 53. Qxd6 Qxb3 54. Bxc5+ Ka8 55. Qd8# 1-0

[Event "HEM 2015 B Turnier"]
[Site "Frankfurt-Sossenheim"]
[Date "2015.??.??"]
[Round "1.24"]
[White "Weber, Simon"]
[Black "Hirsch, Gabriel"]
[Result "1-0"]
[WhiteElo "1407"]
[BlackElo "1778"]
[PlyCount "169"]
[EventDate "2015.??.??"]
[WhiteTeam "SC Langenbieber"]
[BlackTeam "BG Buchen"]

1. e4 e5 2. Nf3 Nc6 3. Bc4 Be7 4. d3 Nf6 5. Be3 O-O 6. O-O d5 7. exd5 Nxd5 8.
Bb5 Qd6 9. Nbd2 Nxe3 10. fxe3 Qc5 11. Bxc6 Qxe3+ 12. Kh1 bxc6 13. Re1 Qh6 14.
Rxe5 Bd6 15. Re4 Be6 16. Rh4 Qf6 17. c3 Bd5 18. Ne4 Qd8 19. c4 Be7 20. Rf4 Be6
21. Ne5 Qe8 22. Qf3 f5 23. Ng3 Bg5 24. Nh5 Bxf4 25. Nxf4 Bd7 26. d4 Rb8 27. b3
c5 28. Qd5+ Rf7 29. Qxf7+ Qxf7 30. Nxf7 Kxf7 31. dxc5 Re8 32. Rd1 Bc6 33. Kg1
Re4 34. Nd5 Re2 35. Rf1 Rxa2 36. Rxf5+ Ke6 37. Rh5 h6 38. Nxc7+ Kd7 39. Nd5 Rb2
40. b4 Rc2 41. b5 Rc1+ 42. Kf2 Ba8 43. c6+ Bxc6 44. bxc6+ Kxc6 45. Nb4+ Kb6 46.
Rb5+ Kc7 47. Nd5+ Kd6 48. Ne3 Kc6 49. Ke2 a6 50. Re5 Ra1 51. Nc2 Rg1 52. Nb4+
Kb6 53. Nd5+ Kc6 54. Ne3 Ra1 55. Re7 a5 56. Rxg7 a4 57. Rg6+ Kc5 58. Rxh6 a3
59. Rh5+ Kc6 60. Nc2 Rg1 61. Kf2 Rb1 62. Nxa3 Rb2+ 63. Kf3 Rb3+ 64. Kf4 Rxa3
65. Rd5 Ra4 66. Rd2 Rxc4+ 67. Ke5 Rh4 68. h3 Rh8 69. Kf6 Rf8+ 70. Kg7 Rf1 71.
Rd3 Rh1 72. g4 Kc5 73. g5 Kc4 74. Rg3 Kd5 75. Kh6 Ke5 76. g6 Kf4 77. Rg4+ Kf5
78. Rg5+ Kf6 79. Rg3 Ra1 80. g7 Ra4 81. Rg4 Ra3 82. h4 Kf5 83. g8=Q Ra6+ 84.
Kh7 Ra7+ 85. Rg7 1-0

[Event "HEM 2015 B Turnier"]
[Site "Frankfurt-Sossenheim"]
[Date "2015.??.??"]
[Round "1.25"]
[White "Henninger, Sascha"]
[Black "Boerkey, Pierre"]
[Result "1-0"]
[WhiteElo "1777"]
[BlackElo "1375"]
[PlyCount "103"]
[EventDate "2015.??.??"]
[WhiteTeam "SC Sulzbach"]
[BlackTeam "Wiesbadener SV"]

1. e4 c5 2. Nf3 Nc6 3. d4 cxd4 4. Nxd4 e5 5. Nb5 d6 6. N1c3 a6 7. Na3 Be7 8.
Nc4 Nf6 9. a4 O-O 10. Ne3 Nd4 11. Bc4 Be6 12. O-O Bxc4 13. Nxc4 Rc8 14. Qd3
Nxc2 15. Qxc2 Rxc4 16. Qd3 Rd4 17. Qe2 Qd7 18. Bg5 Rc8 19. Bxf6 Bxf6 20. Rfd1
Rcc4 21. Rxd4 Rxd4 22. b3 Qc6 23. Nd5 Bg5 24. g3 f5 25. Qh5 h6 26. h4 fxe4 27.
hxg5 Rxd5 28. gxh6 gxh6 29. Qg6+ Kf8 30. Qxh6+ Ke7 31. Rc1 Rc5 32. Rxc5 Qxc5
33. Qh7+ Ke6 34. Qxe4 Qc1+ 35. Kg2 Qc6 36. Kf3 Qxe4+ 37. Kxe4 d5+ 38. Kd3 a5
39. f3 Kf5 40. Ke3 Kg5 41. f4+ Kf6 42. fxe5+ Kxe5 43. g4 d4+ 44. Kd3 Kf4 45.
Kxd4 Kxg4 46. Kc5 Kf4 47. Kb5 Ke4 48. Kxa5 Kd4 49. Kb6 Kc3 50. Kxb7 Kb4 51. Kb6
Kxb3 52. a5 1-0

[Event "HEM 2015 B Turnier"]
[Site "Frankfurt-Sossenheim"]
[Date "2015.??.??"]
[Round "1.26"]
[White "Schwarz, Matthias"]
[Black "Werle, Joshua"]
[Result "0-1"]
[WhiteElo "1352"]
[BlackElo "1776"]
[PlyCount "56"]
[EventDate "2015.??.??"]
[WhiteTeam "SG Idstein"]
[BlackTeam "Frankfurter TV"]

1. e4 Nf6 2. e5 Nd5 3. c4 Nb6 4. d4 d6 5. f4 g6 6. Nf3 Bg7 7. Be3 O-O 8. Bd3
Be6 9. d5 Bg4 10. Bxb6 axb6 11. Qe2 Nd7 12. exd6 exd6 13. O-O Re8 14. Qd2 Nc5
15. Nc3 Bxf3 16. Rxf3 Nb3 17. axb3 Rxa1+ 18. Rf1 Rxf1+ 19. Bxf1 Bxc3 20. Qxc3
Qe7 21. Qc2 Qe3+ 22. Qf2 Qxb3 23. f5 Qe3 24. fxg6 Qxf2+ 25. Kxf2 hxg6 26. Bd3
Kg7 27. h4 Ra8 28. Bb1 Ra1 0-1

[Event "HEM 2015 B Turnier"]
[Site "Frankfurt-Sossenheim"]
[Date "2015.??.??"]
[Round "1.27"]
[White "Lukas, Anne"]
[Black "Boerkey, Joel"]
[Result "1-0"]
[WhiteElo "1772"]
[BlackElo "1333"]
[PlyCount "71"]
[EventDate "2015.??.??"]
[WhiteTeam "SK Gernsheim"]
[BlackTeam "Wiesbadener SV"]

1. d4 Nf6 2. c4 e6 3. Nf3 b6 4. Bg5 Bb7 5. e3 h6 6. Bh4 c5 7. Be2 d5 8. cxd5
Bxd5 9. Nc3 Bb7 10. O-O cxd4 11. Nxd4 Be7 12. Bb5+ Nfd7 13. Bg3 O-O 14. Bxd7
Qxd7 15. Ndb5 Qxd1 16. Rfxd1 a6 17. Nd6 Bxd6 18. Rxd6 Nc6 19. Rd7 Ra7 20. Rc1
Rd8 21. Rxd8+ Nxd8 22. Na4 b5 23. Nc5 Bd5 24. a3 Nb7 25. Bb8 Ra8 26. Nd7 a5 27.
Rc8+ Kh7 28. Nf8+ Kg8 29. Nxe6+ Kh7 30. Nc7 Be6 31. Rf8 Rxb8 32. Rxb8 Nd6 33.
Nxb5 Nxb5 34. Rxb5 a4 35. Rb4 Bb3 36. Rxb3 1-0